Départements enclavés dans leur région - Statistiques

Statistiques générales
  • Ce quiz a été pris 454 fois
  • Le résultat moyen est 4 sur 6
Statistiques - réponses
Département % Correct
Paris
89%
Tarn
74%
Seine Saint Denis
70%
Hauts de Seine
68%
Val de Marne
68%
Charente
49%
Aucun quiz correspondant
Distribution des résultats
% des personnes avec chaque résultat
Percentile par nombre de réponses
Votre historique - résultats
Vous n’avez pas pris ce quiz